<?xml version="1.0" encoding="UTF-8"?>
<record
    xmlns:xsi="http://www.w3.org/2001/XMLSchema-instance"
    xsi:schemaLocation="http://www.loc.gov/MARC21/slim http://www.loc.gov/standards/marcxml/schema/MARC21slim.xsd"
    xmlns="http://www.loc.gov/MARC21/slim">

  <leader>02137nam a22002777a 4500</leader>
  <controlfield tag="003">OSt</controlfield>
  <controlfield tag="005">20260512153907.0</controlfield>
  <controlfield tag="008">251023b        |||||||| |||| 00| 0 eng d</controlfield>
  <datafield tag="022" ind1=" " ind2=" ">
    <subfield code="a">0149-2063</subfield>
  </datafield>
  <datafield tag="040" ind1=" " ind2=" ">
    <subfield code="a">English</subfield>
    <subfield code="c">tbs</subfield>
  </datafield>
  <datafield tag="041" ind1=" " ind2=" ">
    <subfield code="a">English</subfield>
  </datafield>
  <datafield tag="100" ind1=" " ind2=" ">
    <subfield code="a">Bundy, Jonathan</subfield>
    <subfield code="9">26439</subfield>
  </datafield>
  <datafield tag="245" ind1=" " ind2=" ">
    <subfield code="a">Crises and Crisis Management</subfield>
    <subfield code="b">: Integration, Interpretation, and Research Development</subfield>
    <subfield code="c">/ Jonathan Bundy, Michael D. Pfarrer, Cole E. Short and W. Timothy Coombs</subfield>
  </datafield>
  <datafield tag="260" ind1=" " ind2=" ">
    <subfield code="b">Journal of Management</subfield>
    <subfield code="c">2016</subfield>
  </datafield>
  <datafield tag="362" ind1=" " ind2=" ">
    <subfield code="a">Journal of Management Vol. XX No. X, Month XXXX 1 &#x2013;32 DOI: 10.1177/0149206316680030</subfield>
  </datafield>
  <datafield tag="520" ind1=" " ind2=" ">
    <subfield code="a">Organizational research has long been interested in crises and crisis management. Whether focused on crisis antecedents, outcomes, or managing a crisis, research has revealed a number of important findings. However, research in this space remains fragmented, making it difficult for scholars to understand the literature&#x2019;s core conclusions, recognize unsolved problems, and navigate paths forward. To address these issues, we propose an integrative framework of crises and crisis management that draws from research in strategy, organizational theory, and organizational behavior as well as from research in public relations and corporate communication. We identify two primary perspectives in the literature, one focused on the internal dynamics of a crisis and one focused on managing external stakeholders. We review core concepts from each perspective and highlight the commonalities that exist between them. Finally, we use our integrative framework to propose future research directions for scholars interested in crises and crisis management. </subfield>
  </datafield>
  <datafield tag="653" ind1=" " ind2=" ">
    <subfield code="a">Crisis management</subfield>
  </datafield>
  <datafield tag="653" ind1=" " ind2=" ">
    <subfield code="a">Organizational research</subfield>
  </datafield>
  <datafield tag="653" ind1=" " ind2=" ">
    <subfield code="a">Industrial organization (Economic theory)</subfield>
  </datafield>
  <datafield tag="653" ind1=" " ind2=" ">
    <subfield code="a">Corporate communications</subfield>
  </datafield>
  <datafield tag="700" ind1=" " ind2=" ">
    <subfield code="a">Pfarrer, Michael D.</subfield>
    <subfield code="9">26440</subfield>
  </datafield>
  <datafield tag="700" ind1=" " ind2=" ">
    <subfield code="a">Short, Cole E.</subfield>
    <subfield code="9">26441</subfield>
  </datafield>
  <datafield tag="700" ind1=" " ind2=" ">
    <subfield code="a">Coombs, W. Timothy</subfield>
    <subfield code="9">5987</subfield>
  </datafield>
  <datafield tag="856" ind1=" " ind2=" ">
    <subfield code="u">https://bibliotheque.tbs-education.fr/Default/doc/bth/123471041/crises-and-crisis-management-integration-interpretation-and-research-development</subfield>
  </datafield>
  <datafield tag="942" ind1=" " ind2=" ">
    <subfield code="2">lcc</subfield>
  </datafield>
  <datafield tag="952" ind1=" " ind2=" ">
    <subfield code="0">0</subfield>
    <subfield code="1">0</subfield>
    <subfield code="2">lcc</subfield>
    <subfield code="4">0</subfield>
    <subfield code="7">0</subfield>
    <subfield code="a">TBS</subfield>
    <subfield code="b">TBS</subfield>
    <subfield code="d">2025-11-05</subfield>
    <subfield code="l">0</subfield>
    <subfield code="r">2025-11-05</subfield>
    <subfield code="u">https://bibliotheque.tbs-education.fr/Default/doc/bth/123471041/crises-and-crisis-management-integration-interpretation-and-research-development</subfield>
    <subfield code="w">2025-11-05</subfield>
    <subfield code="y">ARTICLE</subfield>
  </datafield>
  <datafield tag="999" ind1=" " ind2=" ">
    <subfield code="c">5151</subfield>
    <subfield code="d">5151</subfield>
  </datafield>
</record>
